Pet Pals sticker story time (Record no. 8586)
[ view plain ]
| 000 -LEADER | |
|---|---|
| fixed length control field | 00857nam a22003017a 4500 |
| 001 - CONTROL NUMBER | |
| control field | 8586 |
| 003 - CONTROL NUMBER IDENTIFIER | |
| control field | FISKH |
| 005 - DATE AND TIME OF LATEST TRANSACTION | |
| control field | 20251002101642.0 |
| 008 - FIXED-LENGTH DATA ELEMENTS--GENERAL INFORMATION | |
| fixed length control field | 251002b cb ||||| |||| 00| 0 eng d |
| 020 ## - INTERNATIONAL STANDARD BOOK NUMBER | |
| International Standard Book Number | 708431212053 |
| 040 ## - CATALOGING SOURCE | |
| Original cataloging agency | FISKH |
| Language of cataloging | eng |
| Transcribing agency | FISKH |
| Modifying agency | FISKH |
| 050 ## - LIBRARY OF CONGRESS CALL NUMBER | |
| Classification number | PZ7 |
| 082 ## - DEWEY DECIMAL CLASSIFICATION NUMBER | |
| Classification number | 372.4 |
| 100 ## - MAIN ENTRY--PERSONAL NAME | |
| Personal name | Anonymous |
| 245 ## - TITLE STATEMENT | |
| Title | Pet Pals sticker story time |
| 250 ## - EDITION STATEMENT | |
| Edition statement | This edition is published in 2012. |
| 260 ## - PUBLICATION, DISTRIBUTION, ETC. | |
| Place of publication, distribution, etc. | Emeryville : |
| Name of publisher, distributor, etc. | LeapFrog Enterprises, |
| Date of publication, distribution, etc. | 1999 |
| 300 ## - PHYSICAL DESCRIPTION | |
| Extent | 28 pages : |
| Other physical details | color illustrations ; |
| Dimensions | 24 cm |
| 500 ## - GENERAL NOTE | |
| General note | E |
| 505 ## - FORMATTED CONTENTS NOTE | |
| Formatted contents note | E<br/> |
| 520 ## - SUMMARY, ETC. | |
| Summary, etc. | Get creative and design doggy tales with interactive stickers and story pages. |
| 521 8# - TARGET AUDIENCE NOTE | |
| Target audience note | 200<br/><br/> |
| Source | Lexile estimate<br/> |
| 521 8# - TARGET AUDIENCE NOTE | |
| Target audience note | E<br/> |
| Source | Raz-Plus<br/> |
| 650 ## - SUBJECT ADDED ENTRY--TOPICAL TERM | |
| Topical term or geographic name entry element | Sticker |
| Form subdivision | Children |
| 650 ## - SUBJECT ADDED ENTRY--TOPICAL TERM | |
| Topical term or geographic name entry element | Art activity |
| Form subdivision | Puppy cut outs |
| 942 ## - ADDED ENTRY ELEMENTS (KOHA) | |
| Source of classification or shelving scheme | Dewey Decimal Classification |
| Koha item type | Books |
| Suppress in OPAC | No |
| Withdrawn status | Lost status | Source of classification or shelving scheme | Damaged status | Not for loan | Home library | Current library | Shelving location | Date acquired | Total Checkouts | Full call number | Barcode | Date last seen | Copy number | Price effective from | Koha item type |
|---|---|---|---|---|---|---|---|---|---|---|---|---|---|---|---|
| Dewey Decimal Classification | Footprints International School Library Network Toul Kork Campus | Footprints International School Library Network Toul Kork Campus | TK Primary Library Room(4th Floor), Bookcase 7, Shelves 57-60, Dark Green Books | 10/02/2025 | ANO 372.4 PZ7 | 2025-4460 | 10/02/2025 | 1 | 10/02/2025 | Books | |||||
| Dewey Decimal Classification | Footprints International School Library Network Toul Kork Campus | Footprints International School Library Network Toul Kork Campus | TK Primary Library Room(4th Floor), Bookcase 7, Shelves 57-60, Dark Green Books | 10/02/2025 | ANO 372.4 PZ7 | 2025-4463 | 10/02/2025 | 2 | 10/02/2025 | Books | |||||
| Dewey Decimal Classification | Footprints International School Library Network Toul Kork Campus | Footprints International School Library Network Toul Kork Campus | TK Primary Library Room(4th Floor), Bookcase 7, Shelves 57-60, Dark Green Books | 10/02/2025 | ANO 372.4 PZ7 | 2025-4464 | 10/02/2025 | 3 | 10/02/2025 | Books | |||||
| Dewey Decimal Classification | Footprints International School Library Network Toul Kork Campus | Footprints International School Library Network Toul Kork Campus | TK Primary Library Room(4th Floor), Bookcase 7, Shelves 57-60, Dark Green Books | 10/02/2025 | ANO 372.4 PZ7 | 2025-4465 | 10/02/2025 | 4 | 10/02/2025 | Books |
